Auditing kontroverzná terapia traumy

Bibliographic Details
Main Author: Remeš, Prokop, 1952- (Author)
Format: Article
Language:Slovak
PhysicalDescription:Fotogr.
ISSN:1335-2660
Subjects:

MARC

LEADER 00000nab a2200000 ar4500
001 vtls010123042
003 SK-MaSNL
005 20260304214900.0
008 250507c2010 xo ||||||||||||00 b|slo
015 |a SNBRB2010/08  |2 snkbucl 
035 |a (uuid)5548dac2-37e3-4b6a-9888-1fe33e56d13d 
035 |a urn:nbn:sk:snk-abc659 
035 |a (urnnbn)urn:nbn:sk:snk:ar-00094b 
038 |a SNKBUCL 
040 |a SNKBUCL  |b slo  |c SNKBUCL  |e AACR2 
041 0 |a slo 
044 |a xo  |c SK 
080 |a 165.61  |2 2001 
080 |a 299.93  |2 2001 
080 |a 616.89  |2 2001 
100 1 |a Remeš, Prokop,  |d 1952-  |4 aut  |9 820040 
245 1 0 |a Auditing kontroverzná terapia traumy  |c Prokop Remeš 
300 |b Fotogr. 
650 0 7 |a scientológia  |2 snkbucl  |9 3478 
650 0 7 |a psychické traumy  |2 snkbucl  |9 71373 
650 0 7 |a terapia  |2 snkbucl  |9 781 
650 0 7 |a psychiatria  |2 snkbucl  |9 2571 
655 7 |a štúdie  |2 snkbucl  |9 57033 
773 0 |t Rozmer  |g Roč. XIII, č. 2 (2010), s. 21-24  |x 1335-2660 
850 |a Slovenská národná knižnica 
852 |a Slovenská národná knižnica 
954 |a odborná, vedecká literatúra cudzojazyčná (svetová)  |2 lita 
958 |a article15 
958 |a OND 
958 |a EUIPO 
999 |c 3143713  |d 3145643